000 00290nam a22001337a 4500
003 SGT
082 _a617.96
_bO13K
100 _aKULKARNI, ATUL P.
245 _aOBJECTIVE ANESTHESIA REVIEW
260 _aINDIA
_bJAYPEE
_c2013
300 _a526
490 _aANESTHESIA
942 _2ddc
_cBK
999 _c10686
_d10686